Revista del Tribunal Federal de Justicia Fiscal y Administrativa (Registro nro. 161538)

Detalles MARC
000 -LEADER
fixed length control field 01119nam a22002657a 4500
007 - PHYSICAL DESCRIPTION FIXED FIELD--GENERAL INFORMATION
fixed length control field cr|||| ||||
008 - FIXED-LENGTH DATA ELEMENTS--GENERAL INFORMATION
fixed length control field 120420c20079999mx |||| s|||| 0|||b1spa d
022 ## -
-- 1665-0086
035 ## -
-- 6405
040 ## - CATALOGING SOURCE
Original cataloging agency vLex
090 ## -
-- 3126
-- 3126
245 10 - TITLE STATEMENT
Title Revista del Tribunal Federal de Justicia Fiscal y Administrativa
Medium [Recurso electrónico]
256 ## -
-- Servicio en línea
260 ## - PUBLICATION, DISTRIBUTION, ETC. (IMPRINT)
Place of publication, distribution, etc Colombia :
Name of publisher, distributor, etc Ecoe ediciones,
Date of publication, distribution, etc 2007 -
300 ## - PHYSICAL DESCRIPTION
Extent 1 recurso electrónico
310 ## -
-- Mensual
362 ## -
-- Núm. 1 (2007) -
506 1# - RESTRICTIONS ON ACCESS NOTE
Terms governing access Contenido solo disponible en los productos indicados
Authorized users vLex Global
-- vLex Global (Academic Edition, excluding Law Schools)
-- vLex Global (U.S. Academic Edition, Law Schools)
-- vLex Global (U.S. Academic Edition, excluding Law Schools)
-- vLex Global (Academic Edition, Law Schools)
650 04 - SUBJECT ADDED ENTRY--TOPICAL TERM
Topical term or geographic name as entry element Jurisprudencia
Geographic subdivision México
650 04 - SUBJECT ADDED ENTRY--TOPICAL TERM
Topical term or geographic name as entry element Tribunales administrativos
Geographic subdivision Colombia
740 0# -
-- vLex Revistas (Servicio en línea)
856 40 - LOCALIZACIÓN Y ACCESO ELECTRÓNICO
Identificador Uniforme del Recurso (URI/URL) https://app.vlex.com/#/sources/revista-tribunal-federal-justicia-fiscal-administrativa-6405
942 ## -
-- RAA
999 ## -
-- 161538
-- 161538

No hay ítems disponibles.


CONTACTO


NOSOTROS


SITIOS DE INTERES

coordinacion.biblioteca.biblioteca@unienlinea.mx Misión, Visión y Objetivos Bases de datos
Directorio Bibliotecas Digitales y Repositorios
Normatividad Revistas y artículos
Convenios interbibliotecarios
Boletines



Hecho en México. Universidad Insurgentes (UIN). Todos los derechos reservados 2024. Esta página y sus contenidos pueden ser reproducidos con fines no lucrativos, siempre y cuando no se mutile, se cite la fuente completa y su dirección electrónicas. De otra forma requiere permiso previo por escrito de la institución




2024 Copyright Universidad Insurgentes | www.bibliouin.com.mx